01210nam a22001577a 450000500170000000800430001705000210006010000380008124500520011925000110017126000370018230000240021950400390024350507090028265000610099120220610083925.0220610b mx ||||| |||| 00| 0 spa d04aF1227 bR65 19661 aRomero Flores, Jesúsd1885-198710aEstudios históricos /cJesús Romero Flores. a1a ed. aMéxico :bB. Costa Amic,c1966 avolumenes ;c20 cm. aIncluye bibliografía e índice. tv.1.Chapultepec en la historia de México, historia de la constitución de Apatzingán, Melchor Ocampo: El filosofo de la Reforma, Jóvenes ilustres de la Historia de México, Francisco I. Madero : Apóstol de la Democracia, la Revolución Mexicana -- tv.2. La Evolución de la Enseñanza, La Revolución de Ayutla la Reforma Social en México, La Gloriosa defensa de Puebla, La Etapa Porfirista en el estado de Zacatecas, El periodismo en México --tv.3.Los antiguos Purhepecha, Don Vasco de Quiroga, Don Juan José Pastor Morales, Doña Gertrudis Bocanegra, Historia de la Educación en Michoacán, La Escuela de la Educación en Michoacán, La Escuela de Medicina en Michoacán. 72lembaInvestigación histórica xHistoria de México